ბათუმის შოთა რუსთაველის სახელმწიფო უნივერსიტეტის ბიბლიოთეკა

სასოფლო-სამეურნეო ცხოველთა ნორმალური ანატომია (ბიბ.ჩანაწერი № 44598)

000 -LEADER
fixed length control field 01042nam a2200229Ia 4500
001 - CONTROL NUMBER
control field 11401
003 - CONTROL NUMBER IDENTIFIER
control field GE_BSU
008 - FIXED-LENGTH DATA ELEMENTS--GENERAL INFORMATION
fixed length control field 181216s||||||||xx |||||||||||||| ||und||
040 ## - CATALOGING SOURCE
Transcribing agency GE_BSU
080 ## - UNIVERSAL DECIMAL CLASSIFICATION NUMBER
Universal Decimal Classification number 636(075.8)
100 ## - MAIN ENTRY--PERSONAL NAME
Personal name კვაჭაძე ი.
245 ## - TITLE STATEMENT
Title სასოფლო-სამეურნეო ცხოველთა ნორმალური ანატომია
245 ## - TITLE STATEMENT
Remainder of title სახელმძღვ. ზოოტექნიკური სავეტერინარო სასწ. კვლევითი ინ-ტის სავეტერინარო ფაკ-ტის სტუდენტებისათვის
245 ## - TITLE STATEMENT
Statement of responsibility, etc. რედ: ელ.ფიფია
260 ## - PUBLICATION, DISTRIBUTION, ETC.
Place of publication, distribution, etc. თბილისი.
260 ## - PUBLICATION, DISTRIBUTION, ETC.
Name of publisher, distributor, etc. განათლება.
260 ## - PUBLICATION, DISTRIBUTION, ETC.
Date of publication, distribution, etc. 1984.
300 ## - PHYSICAL DESCRIPTION
Extent 562გვ.22სმ.
300 ## - PHYSICAL DESCRIPTION
Accompanying material ილ.
653 ## - INDEX TERM--UNCONTROLLED
Uncontrolled term სასოფლო-სამეურნეო ცხოველთა ნორმალური ანატომია
942 ## - ADDED ENTRY ELEMENTS (KOHA)
Koha item type წიგნი
ეგზემპლარები
Withdrawn status Lost status Damaged status Not for loan Date acquired Barcode Date last seen Price effective from Koha item type
        2018-12-17 20002 2018-12-17 2018-12-17 წიგნი
        2018-12-17 20003 2018-12-17 2018-12-17 წიგნი
        2018-12-17 20004 2018-12-17 2018-12-17 წიგნი
        2018-12-17 20005 2018-12-17 2018-12-17 წიგნი
        2018-12-17 20006 2018-12-17 2018-12-17 წიგნი
        2018-12-17 20007 2018-12-17 2018-12-17 წიგნი
        2018-12-17 20008 2018-12-17 2018-12-17 წიგნი
        2018-12-17 20009 2018-12-17 2018-12-17 წიგნი
        2018-12-17 20010 2018-12-17 2018-12-17 წიგნი
        2018-12-17 20011 2018-12-17 2018-12-17 წიგნი